Sharing world leadership? : A new era for America & Japan
The special relationship forged after World War II between Japan and the United States has served both nations well. Japan especially has been remarkably successful in its economic growth and development. By relinquishing its former military and imperial ambitions and allowing key U. S. military bas...
Spremljeno u:
| Format: | Knjiga |
|---|---|
| Jezik: | Undetermined |
| Izdano: |
Washington, D.C.
American Enterprise Institute for Public Policy Research
1989
|
| Teme: | |
| Oznake: |
Dodaj oznaku
Bez oznaka, Budi prvi tko označuje ovaj zapis!
|
| Thư viện lưu trữ: | Trung tâm Học liệu Trường Đại học Cần Thơ |
|---|
| LEADER | 01006nam a2200205Ia 4500 | ||
|---|---|---|---|
| 001 | CTU_107874 | ||
| 008 | 210402s9999 xx 000 0 und d | ||
| 082 | |a 303.4 | ||
| 082 | |b S531 | ||
| 245 | 0 | |a Sharing world leadership? : | |
| 245 | 2 | |b A new era for America & Japan | |
| 245 | 0 | |c John H. Makin and Donald C. Hellmann, editors | |
| 260 | |a Washington, D.C. | ||
| 260 | |b American Enterprise Institute for Public Policy Research | ||
| 260 | |c 1989 | ||
| 520 | |a The special relationship forged after World War II between Japan and the United States has served both nations well. Japan especially has been remarkably successful in its economic growth and development. By relinquishing its former military and imperial ambitions and allowing key U. S. military bases on its soil, Japan has been able to pursue its economic miracle under the aegis of U. S. security. | ||
| 650 | |a World politics | ||
| 650 | |y 1985- 1995 | ||
| 904 | |i M.Loan | ||
| 980 | |a Trung tâm Học liệu Trường Đại học Cần Thơ | ||